[Event "Robecchetto op 32nd"]
[Site "Robecchetto"]
[Date "2019.12.27"]
[Round "3"]
[White "Coppola, Federico"]
[Black "Brugo, Marco"]
[Result "1-0"]
[WhiteElo "2106"]
[BlackElo "1995"]
[PlyCount "59"]
[EventDate "2019.12.26"]
[EventType "swiss"]
[EventRounds "6"]
[EventCountry "ITA"]
[SourceTitle "CBM 194 Extra"]
[Source "ChessBase"]
[SourceDate "2020.03.31"]
[SourceVersion "1"]
[SourceVersionDate "2020.03.31"]
[SourceQuality "1"]

1. Nf3 e6 2. c4 f5 3. g3 Nf6 4. Bg2 Be7 5. 0-0 0-0 6. Nc3 d6 7. d4 Ne4 8. Nxe4 fxe4 9. Nd2 d5 10. f3 Nc6 11. fxe4 Rxf1+ 12. Nxf1 dxc4 13. Be3 Bd7 14. b3 Na5 15. Nd2 cxb3 16. axb3 Bb4 17. Nf3 Qe8 18. Qc2 Rc8 19. e5 Qg6 20. Qxg6 hxg6 21. Ng5 b6 22. Be4 c5 23. d5 c4 24. dxe6 Be8 25. Bd5 Bc6 26. bxc4 Bxd5 27. cxd5 Rd8 28. d6 Bxd6 29. exd6 Rxd6 30. e7 1-0

[Event "ITA-chTA 51st"]
[Site "Brixen Bressanone"]
[Date "2019.04.28"]
[Round "4.4"]
[White "Lapiccirella, Daniele"]
[Black "Brugo, Marco"]
[Result "1/2-1/2"]
[WhiteElo "2200"]
[BlackElo "1989"]
[PlyCount "81"]
[EventDate "2019.04.26"]
[EventType "team-swiss"]
[EventRounds "7"]
[EventCountry "ITA"]
[SourceTitle "CBM 190 Extra"]
[Source "ChessBase"]
[SourceDate "2019.07.15"]
[SourceVersion "1"]
[SourceVersionDate "2019.07.15"]
[SourceQuality "1"]
[WhiteTeam "Cerianese Scacchistica"]
[BlackTeam "Novara Scacchistica"]
[WhiteTeamCountry "ITA"]
[BlackTeamCountry "ITA"]

1. d4 d5 2. c4 dxc4 3. Nf3 Nf6 4. e3 e6 5. Bxc4 a6 6. 0-0 c5 7. b3 cxd4 8. Qxd4 Qxd4 9. Nxd4 Bd6 10. Rd1 Ke7 11. Nd2 Bd7 12. Bb2 Nc6 13. Be2 Nxd4 14. Bxd4 e5 15. Bb2 Be6 16. Nc4 Bxc4 17. Bxc4 Rhd8 18. Kf1 b5 19. Be2 Rac8 20. Rac1 Ne8 21. Bf3 Rc7 22. Rxc7+ Bxc7 23. Rxd8 Kxd8 24. Bb7 a5 25. Bc6 b4 26. Ke2 f6 27. Kd3 Nd6 28. f4 exf4 29. exf4 Bb6 30. g4 Kc7 31. Bd5 Nb5 32. Bf3 Kd6 33. h4 Bf2 34. h5 h6 35. g5 Nc3 36. gxf6 gxf6 37. a3 Kc5 38. axb4+ axb4 39. Bxc3 bxc3 40. Kxc3 Be3 41. f5 1/2-1/2

[Event "Biella op 8th"]
[Site "Biella"]
[Date "2017.09.23"]
[Round "2"]
[White "Vezzosi, Paolo"]
[Black "Brugo, Marco"]
[Result "1-0"]
[WhiteElo "2325"]
[BlackElo "2025"]
[PlyCount "65"]
[EventDate "2017.09.22"]
[EventType "swiss"]
[EventRounds "5"]
[EventCountry "ITA"]
[SourceTitle "CBM 180 Extra"]
[Source "ChessBase"]
[SourceDate "2017.10.06"]
[SourceVersion "1"]
[SourceVersionDate "2017.10.06"]
[SourceQuality "1"]

1. c4 f5 2. g3 Nf6 3. Bg2 d6 4. d4 e6 5. Nc3 Be7 6. Nf3 0-0 7. 0-0 Ne4 8. Qc2 Nxc3 9. bxc3 Nc6 10. e4 e5 11. Rd1 Qe8 12. c5 Qh5 13. Ba3 fxe4 14. Qxe4 Bg4 15. cxd6 Bxd6 16. Bxd6 cxd6 17. Rd3 Rae8 18. dxe5 dxe5 19. Re3 Kh8 20. Rae1 Re7 21. h4 h6 22. Nh2 Bf5 23. Qc4 Be6 24. Qc5 Qf7 25. Rf3 Qe8 26. Rxf8+ Qxf8 27. Bxc6 bxc6 28. Rxe5 Qf6 29. Ng4 Bxg4 30. Qxe7 Qf3 31. Qd8+ Kh7 32. Re3 Qf7 33. Qe8 1-0

[Event "St Petersburg Summer op"]
[Site "St Petersburg"]
[Date "2016.08.22"]
[Round "6"]
[White "Gnidenko, Andrey"]
[Black "Brugo, Marco"]
[Result "1-0"]
[WhiteElo "2204"]
[BlackElo "2053"]
[PlyCount "75"]
[EventDate "2016.08.17"]
[EventType "swiss"]
[EventRounds "9"]
[EventCountry "RUS"]
[SourceTitle "CBM 174 Extra"]
[Source "ChessBase"]
[SourceDate "2016.10.10"]
[SourceVersion "1"]
[SourceVersionDate "2016.10.10"]
[SourceQuality "1"]

1. d4 e6 2. c4 Nf6 3. Nc3 Bb4 4. e3 0-0 5. Bd3 d5 6. Nf3 c5 7. 0-0 Nc6 8. a3 Bxc3 9. bxc3 dxc4 10. Bxc4 Qc7 11. Qe2 e5 12. h3 e4 13. Nd2 Re8 14. a4 Be6 15. Ba3 Bxc4 16. Qxc4 cxd4 17. cxd4 Qa5 18. Rfd1 Qd5 19. Rab1 b6 20. Rb5 Qd7 21. Qa2 Na5 22. Bb4 Nc6 23. Bc3 Ne7 24. Re5 Ned5 25. Ba1 Rac8 26. Nxe4 Rxe5 27. dxe5 Nxe4 28. Qxd5 Qxd5 29. Rxd5 Rc1+ 30. Kh2 h6 31. Bd4 Nxf2 32. Rd8+ Kh7 33. Rd7 Rc8 34. Rxf7 Ne4 35. e6 Rg8 36. Rxa7 Nc5 37. e7 Re8 38. a5 1-0

[Event "Omegna op 4th"]
[Site "Omegna"]
[Date "2016.08.06"]
[Round "3"]
[White "Brugo, Marco"]
[Black "Mantovan, Giuseppe"]
[Result "1/2-1/2"]
[WhiteElo "2053"]
[BlackElo "1824"]
[PlyCount "68"]
[EventDate "2016.08.05"]
[EventType "swiss"]
[EventRounds "5"]
[EventCountry "ITA"]
[SourceTitle "EXT 2018"]
[Source "ChessBase"]
[SourceDate "2017.10.13"]
[SourceVersion "1"]
[SourceVersionDate "2017.10.13"]
[SourceQuality "1"]

1. d4 d5 2. c4 e5 3. dxe5 d4 4. Nf3 Nc6 5. a3 Nge7 6. b4 Ng6 7. Bb2 a5 8. b5 Ncxe5 9. Qxd4 Qxd4 10. Bxd4 Nxc4 11. e3 Nd6 12. Be2 Bd7 13. a4 Nf5 14. Bc3 c6 15. 0-0 Rc8 16. Bxa5 Be7 17. Bc3 0-0 18. b6 Bc5 19. a5 Nfe7 20. Rc1 Nd5 21. Be1 Be7 22. Nc3 Bf6 23. Nd4 Rfe8 24. Bf3 Nb4 25. Ne4 Bxd4 26. exd4 Nd3 27. Nd6 Nxe1 28. Rxe1 Rxe1+ 29. Rxe1 Rb8 30. d5 c5 31. Rc1 Ne5 32. Rxc5 Bh3 33. Rc7 Rd8 34. Rxb7 h6 1/2-1/2

[Event "London Classic op 7th"]
[Site "London"]
[Date "2015.12.07"]
[Round "5"]
[White "Sielicki, Tomasz"]
[Black "Brugo, Marco"]
[Result "1/2-1/2"]
[WhiteElo "1948"]
[BlackElo "2071"]
[PlyCount "89"]
[EventDate "2015.12.04"]
[EventType "swiss"]
[EventRounds "9"]
[EventCountry "ENG"]
[SourceTitle "CBM 169 Extra"]
[Source "ChessBase"]
[SourceDate "2015.12.18"]
[SourceVersion "1"]
[SourceVersionDate "2015.12.18"]
[SourceQuality "1"]

1. d4 f5 2. e4 fxe4 3. Nc3 Nf6 4. Bg5 Nc6 5. d5 Ne5 6. Qe2 d6 7. Bxf6 gxf6 8. Qxe4 f5 9. Qd4 Bg7 10. 0-0-0 0-0 11. f4 Ng4 12. Qd2 e5 13. dxe6 Bxe6 14. h3 Nf6 15. Bd3 d5 16. Qe2 Qd6 17. g3 Qc6 18. Nf3 Ne4 19. Bxe4 dxe4 20. Nd4 Qc4 21. Qxc4 Bxc4 22. b3 Rad8 23. bxc4 Rxd4 24. Rxd4 Bxd4 25. Nd5 c6 26. Rd1 Bf2 27. Nc3 Rf7 28. Ne2 Kf8 29. Rd8+ Ke7 30. Rg8 Kd6 31. Kd2 Kc5 32. Kc3 a5 33. g4 a4 34. Ra8 Be1+ 35. Kb2 fxg4 36. hxg4 Bd2 37. Re8 Bxf4 38. Rxe4 Bd2 39. c3 Rf3 40. Kc2 Re3 41. Rxe3 Bxe3 42. Kd3 Bf2 43. Nf4 Kd6 44. g5 Ke7 45. g6 1/2-1/2

[Event "London Classic op 7th"]
[Site "London"]
[Date "2015.12.05"]
[Round "3"]
[White "Paterek, Michal"]
[Black "Brugo, Marco"]
[Result "1-0"]
[WhiteElo "2293"]
[BlackElo "2099"]
[PlyCount "94"]
[EventDate "2015.12.04"]
[EventType "swiss"]
[EventRounds "9"]
[EventCountry "ENG"]
[SourceTitle "CBM 169 Extra"]
[Source "ChessBase"]
[SourceDate "2015.12.18"]
[SourceVersion "1"]
[SourceVersionDate "2015.12.18"]
[SourceQuality "1"]

1. d4 e6 2. c4 f5 3. g3 Nf6 4. Bg2 Be7 5. Nh3 d6 6. Nf4 0-0 7. Nc3 c6 8. Nd3 Qc7 9. Bf4 Nbd7 10. c5 e5 11. cxd6 Bxd6 12. dxe5 Nxe5 13. Qb3+ Kh8 14. Nxe5 Bxe5 15. Bxe5 Qxe5 16. 0-0 Qe7 17. Rfd1 Be6 18. Qa4 a6 19. Qa5 Rad8 20. e3 h6 21. Rac1 Kg8 22. Qb6 Bf7 23. Qa5 Be6 24. Bf3 Rc8 25. Rd2 Qc7 26. Qc5 Rfd8 27. Rcd1 Rxd2 28. Rxd2 Rd8 29. Rxd8+ Qxd8 30. Kg2 Qd7 31. Qe5 Kf7 32. a3 Ke7 33. Qb8 a5 34. Qa7 Qc7 35. Qc5+ Kd7 36. Qf8 Ne8 37. Bh5 Qd8 38. Bxe8+ Qxe8 39. Qxg7+ Qe7 40. Qxh6 b5 41. Qf4 b4 42. Qd4+ Kc8 43. axb4 axb4 44. Na4 Bd5+ 45. f3 Kb7 46. Nc5+ Kc8 47. Qxb4 Qxe3 1-0

[Event "Nichelino op 16th"]
[Site "Nichelino"]
[Date "2015.10.03"]
[Round "2"]
[White "Brugo, Marco"]
[Black "Gilevich, Artem"]
[Result "0-1"]
[WhiteElo "2111"]
[BlackElo "2410"]
[PlyCount "58"]
[EventDate "2015.10.02"]
[EventType "swiss"]
[EventRounds "5"]
[EventCountry "ITA"]
[SourceTitle "EXT 2018"]
[Source "ChessBase"]
[SourceDate "2017.10.13"]
[SourceVersion "1"]
[SourceVersionDate "2017.10.13"]
[SourceQuality "1"]

1. d4 d5 2. c4 dxc4 3. e3 Nf6 4. Bxc4 e6 5. Nf3 c5 6. 0-0 a6 7. dxc5 Qxd1 8. Rxd1 Bxc5 9. Be2 Nbd7 10. Nbd2 Ke7 11. a3 b5 12. b4 Bd6 13. Bb2 Bb7 14. Rac1 Rhc8 15. Nb3 Bd5 16. Nfd4 g6 17. Bf3 Ne4 18. Bxe4 Bxe4 19. f3 Bd5 20. e4 Bc4 21. Na5 Ne5 22. Rc3 g5 23. Bc1 f6 24. f4 Nf7 25. Nxc4 bxc4 26. f5 Be5 27. fxe6 Nd6 28. Rh3 Bxd4+ 29. Re3 Bxe3+ 0-1

[Event "Biella op 6th"]
[Site "Biella"]
[Date "2015.09.25"]
[Round "1"]
[White "Brugo, Marco"]
[Black "Stella, Andrea"]
[Result "0-1"]
[WhiteElo "2114"]
[BlackElo "2413"]
[PlyCount "62"]
[EventDate "2015.09.25"]
[EventType "swiss"]
[EventRounds "5"]
[EventCountry "ITA"]
[SourceTitle "EXT 2016"]
[Source "ChessBase"]
[SourceDate "2015.10.08"]
[SourceVersion "1"]
[SourceVersionDate "2015.10.08"]
[SourceQuality "1"]

1. d4 Nf6 2. c4 g6 3. Nc3 d5 4. cxd5 Nxd5 5. e4 Nxc3 6. bxc3 Bg7 7. Bc4 c5 8. Ne2 Nc6 9. Be3 0-0 10. 0-0 Na5 11. Bd3 b6 12. Qd2 e5 13. Bh6 exd4 14. Bxg7 Kxg7 15. cxd4 cxd4 16. f4 f6 17. f5 Nc6 18. Bb5 Ne5 19. Nxd4 gxf5 20. exf5 Kh8 21. Rad1 Bb7 22. Ne6 Qxd2 23. Rxd2 Rg8 24. Kh1 a6 25. Ba4 Nc4 26. Re2 Rxg2 27. Rxg2 Ne3 28. Rff2 Nxg2 29. Rxg2 Rg8 30. Nf4 Rg4 31. Kg1 Bxg2 0-1

[Event "Mortara Weekend 5th"]
[Site "Mortara"]
[Date "2015.09.18"]
[Round "1"]
[White "Brugo, Marco"]
[Black "Raselli, Claudio"]
[Result "1-0"]
[WhiteElo "2114"]
[BlackElo "1832"]
[PlyCount "39"]
[EventDate "2015.09.18"]
[EventType "swiss"]
[EventRounds "5"]
[EventCountry "ITA"]
[SourceTitle "EXT 2024"]
[Source "ChessBase"]
[SourceDate "2023.10.10"]
[SourceVersion "1"]
[SourceVersionDate "2023.10.10"]
[SourceQuality "1"]

1. d4 d5 2. c4 e6 3. Nc3 c5 4. cxd5 exd5 5. Nf3 Nc6 6. Bf4 Be6 7. e3 Bd6 8. Bxd6 Qxd6 9. Nb5 Qd8 10. dxc5 Qa5+ 11. Nd2 0-0-0 12. a3 Rd7 13. b4 Qd8 14. Nf3 Nf6 15. Be2 Ne4 16. 0-0 g5 17. Nfd4 a6 18. Nxc6 bxc6 19. Nd4 Kb7 20. Qa4 1-0

[Event "Omegna op-A 3rd"]
[Site "Omegna"]
[Date "2015.08.08"]
[Round "3"]
[White "Siclari, Giovanni"]
[Black "Brugo, Marco"]
[Result "1/2-1/2"]
[WhiteElo "2090"]
[BlackElo "2115"]
[PlyCount "33"]
[EventDate "2015.08.07"]
[EventType "swiss"]
[EventRounds "5"]
[EventCountry "ITA"]
[SourceTitle "EXT 2024"]
[Source "ChessBase"]
[SourceDate "2023.10.10"]
[SourceVersion "1"]
[SourceVersionDate "2023.10.10"]
[SourceQuality "1"]

1. Nf3 d5 2. d4 Nf6 3. c4 c6 4. Nc3 a6 5. c5 Nbd7 6. Bf4 Nh5 7. e3 g6 8. Bd3 Bg7 9. 0-0 0-0 10. Bg5 Re8 11. e4 dxe4 12. Bxe4 Ndf6 13. Bc2 Be6 14. Qd2 Bd7 15. Rfe1 Rc8 16. h3 Nd5 17. Rad1 1/2-1/2

[Event "Porto Mannu op"]
[Site "Porto Mannu"]
[Date "2008.05.20"]
[Round "5"]
[White "Molina, Fabrizio"]
[Black "Brugo, Marco"]
[Result "1-0"]
[WhiteElo "2313"]
[BlackElo "2102"]
[PlyCount "87"]
[EventDate "2008.05.17"]
[EventType "swiss"]
[EventRounds "9"]
[EventCountry "ITA"]
[SourceTitle "CBM 124 Extra"]
[Source "ChessBase"]
[SourceDate "2008.07.03"]
[SourceVersion "1"]
[SourceVersionDate "2008.07.03"]
[SourceQuality "1"]

1. c4 f5 2. g3 Nf6 3. Bg2 e6 4. Nc3 Be7 5. d3 0-0 6. a3 d5 7. cxd5 exd5 8. Qb3 c6 9. Nf3 Nbd7 10. Bd2 Nc5 11. Qc2 a5 12. Na4 Ne6 13. 0-0 Qc7 14. b4 axb4 15. axb4 f4 16. Nc5 Rxa1 17. Rxa1 fxg3 18. hxg3 Ng4 19. Be1 Bf6 20. Ra8 Nd4 21. Qa2 Qf7 22. e4 h5 23. exd5 Nxf3+ 24. Bxf3 Bd4 25. Bxg4 Bxg4 26. Ne6 Bxe6 27. dxe6 Qe7 28. Rxf8+ Kxf8 29. Bd2 Qd6 30. Qa8+ Ke7 31. Qxb7+ Kxe6 32. Qc8+ Ke7 33. Bf4 Qxb4 34. Qc7+ Ke8 35. Qxc6+ Kf7 36. Qd5+ Kg6 37. Qg5+ Kf7 38. Qxh5+ Kg8 39. Qe8+ Kh7 40. Qe4+ Kg8 41. Be3 Qb1+ 42. Kg2 Bf6 43. Qd5+ Kh7 44. d4 1-0